Zborník Matice slovenskej Jazykoveda

Podrobná bibliografia
Ďalší autori: Kačala, Ján, 1937- (Zostavovateľ, kompilátor), Sedlák, Imrich, 1933-2016 (Zostavovateľ, kompilátor)
Médium: Seriál
Jazyk:slovenčina
Fyzický popis:zv. 24 cm
Vydavateľské údaje: Martin Matica slovenská 2010-
ISBN:9788070909638
Predmet:

MARC

LEADER 00000nas a2200000 a 4500
001 vtls010101260
003 SK-MaSNL
005 20260228160006.0
008 180731c20109999xo uu 0 b0slo d
015 |a SNBB2010/02-01376 (I/2010) 
020 |a 9788070909638  |q (brož. I/2010) 
040 |a SNK  |b slo  |c SNK  |e AACR2 
041 0 |a slo  |b ger 
044 |a xo  |c SK 
072 7 |a 81  |x Lingvistika. Jazyky  |2 konspekt 
072 7 |a 80  |x Filológia  |2 konspekt 
080 |a 81'1  |2 2001 
080 |a 80(=162.4)+908(437.6)  |2 2001 
080 |a (082)  |2 2001 
245 0 0 |a Zborník Matice slovenskej  |p Jazykoveda 
246 1 0 |a Jazykoveda 
260 |a Martin  |b Matica slovenská  |c 2010- 
300 |a zv.  |c 24 cm 
310 |a Periodicita nie je známa 
362 0 |a Roč. I. (2010)- 
500 |a Zostavovatelia: I (2010)- , Ján Kačala a Imrich Sedlák 
500 |a Vydáva Národný inštitút slovenského jazyka a literatúry Matice slovenskej 
500 |a Pozn. 
504 |a Bibliogr. odkazy 
546 |a Res. nem. 
650 0 7 |a lingvistika  |2 SNKPH  |9 860 
650 0 7 |a slovakistika  |2 SNKPH  |9 20944 
655 7 |a zborníky  |2 SNKPH  |9 70165 
700 1 |a Kačala, Ján,  |d 1937-  |4 com  |9 89383 
700 1 |a Sedlák, Imrich,  |d 1933-2016  |4 com  |9 103252 
710 2 |a Matica slovenská.  |b Národný inštitút slovenského jazyka a literatúry  |4 pbl  |9 168497 
852 |a Štátna vedecká knižnica v Banskej Bystrici 
852 |a Akadémia umení v Banskej Bystrici 
910 |a snk 
910 |a aubb 
919 |a 978-80-7090-963-8 
958 |a NB 
999 |c 1071  |d 3001 
952 |0 0  |1 0  |4 0  |7 0  |8 0  |a SNK  |b SNK  |d 2010-05-31  |i snk2010/11681  |l 0  |o snkČSC 3457/1/2010 D1  |p 17A0635996  |r 2026-02-21 19:32:33  |w 2026-02-21  |y PREZ 
952 |0 0  |1 0  |4 0  |7 0  |8 0  |a SNK  |b SNK  |d 2010-05-31  |i snk2010/11680  |l 0  |o snkČSC 3457/1/2010  |p 17A0635995  |r 2026-02-21 21:41:24  |w 2026-02-21  |y PREZ